000 00436nam a22001697a 4500
005 20180717154004.0
008 160512b xxu||||| |||| 00| 0 eng d
020 _a81-259-0553-7
041 _aeng
082 _b1561
_a658.1511
100 _aBhattacharya,S.K. AND D, John
_94542
245 _aAccounting for management
260 _aNOIDA
_bVIKAS PUBLISHING HOUSE
_c1976
300 _a420Pp,
650 _aManagement
_9241
942 _cBK
999 _c629
_d629